000 00767nam a2200253Ia 4500
003 OSt
005 20260302162603.0
008 210716s2013 xx 000 0 und d
020 _a8172881622
040 _cAIMIT LIBRARY
041 _aeng
082 _a336.242
_254
_bMEHH
100 _aMehrotra, H C.
_9257282
245 _aIncome tax:
_blaw and accounts /
_cBy H.C Mehrotra and S.P Goyal.
250 _a54th ed.
260 _aAgra :
_bSahitya Bhawan Publications ,
_c2013.
300 _a3,800,xv p.;
_bPB
_c24.2 cm.
440 _aAssessment year 2013-14
_9257283
650 _aExemptions from tax
_9257284
650 _aDepreciation
_9257285
650 _aAgriculture income
_9257286
700 _aGoyal, S.P.
_9257287
942 _2ddc
_cBK
_e54
_k336.242 MEHH
999 _c208158
_d208158